000 00590nam a22001937a 4500
999 _c4987
_d4987
003 AR-CdUCM
008 190311b ||||| |||| 00| 0 spa d
040 _aMUNICIPALIDAD PROVINCIAL DEL CUSCO
_cBIBLIOTECA MUNICIPAL DEL CUSCO
082 _a985.04 /
_bT48
100 _aThordike, Guillermo
_915270
245 _aLa Batalla de Lima /
260 _aPerú :
_bUniverso S.A. ,
_c1979.
300 _a359 páginas ;
_c20.3 cm.
650 _aLiteratura Peruana
_9132
650 _aLiteratura Surealista
_915271
650 _aLiteratura Latinoamericana
_9799
942 _2ddc
_cLIBROS
945 _artm